00438 a2200169 4500041000800000082001100008100002300019245005100042260002100093502004500114650002200159650001300181650001400194650001300208650002600221653002100247 aEng aCD8758 aBhatt, Ganesh Datt aShofting the medium of instruction in schools. aKathmandu:c2012 aDissertationbDegree in EducationcT. U. aLanguage planning aStudents aClassroom aTeachers aSchool administration aEnglish language